000 00414nam a2200145Ia 4500
008 211109s9999||||xx |||||||||||||| ||und||
082 _a894.8121
_bNAR-S
100 _aNarayanan Nair, Pala
245 0 _aSundhara Kandom
260 _bNATIONAL BOOKSTALL
_aKottayam
_c1978
300 _a86p.
630 _xGeneral Stack
650 _aLITERATURE
_vMALAYALAM LITERATURE
_xMALAYALAM POETRYPOETRYGeneralia
942 _cBOOK
999 _c72270
_d72270